000 00309nam a22001337a 4500
008 171030b xxu||||| |||| 00| 0 eng d
020 _a9780130104106
041 _aeng
080 _24TH
_a33
100 _a58
101 _aBUS
245 _aEXCELLENCE IN BUSINESS COMMUNICATION
_cTHILL,J.V
942 _2udc
_cBK
999 _c36514
_d36514